000 00242nam a2200121Ia 4500
100 _a#N/A
942 _cBK
245 _aThe X team Lamp Programming for professionals
260 _b#N/A
082 _b21546
546 _aENGLISH
999 _c26771
_d26771